Hình ảnh lâm sàng và bệnh học trong chuyên ngành da liễu

Cuốn sách này nói về nguyên tắc cơ bản của da liễu, di truyền học và miễn dịch học, các bệnh da liễu, Da liễu Đại cương, Bệnh Lý cơ địa, Bệnh Sần, Đỏ da bong vảy, Bệnh da nhiễm khuẩn, Bệnh da dị ứng, Bệnh da tự miễn, Bệnh lý mô liên k...

Szczegółowa specyfikacja

Zapisane w:
Opis bibliograficzny
1. autor: Tirant, Michael
Kolejni autorzy: Lotti, Torello, Parsad, Davinder, Nguyễn Văn Thường (Chủ biên)
Format: Książka
Język:Vietnamese
Wydane: H. Hà Nội 2019
Hasła przedmiotowe:
Etykiety: Dodaj etykietę
Nie ma etykietki, Dołącz pierwszą etykiete!
Thư viện lưu trữ: Thư viện Trường Đại học Nam Cần Thơ
LEADER 01349nam a22002297a 4500
001 NCT_141803
008 220929b xxu||||| |||| 00| 0 vie d
999 |c 7299  |d 7299 
020 |a 9789383989362  |c 3200000 
082 0 4 |2 23rd ed.  |a 616.5  |b Th561 
100 1 |a Tirant, Michael 
245 1 0 |a Hình ảnh lâm sàng và bệnh học trong chuyên ngành da liễu  |c Michael Tirant, Torello Lotti, Davinder Parsad(Đồng tác giả); Nguyễn Văn Thường (Chủ biên) 
260 |a H.  |b Hà Nội  |c 2019 
300 |a 623 tr.  |b Minh họa  |c 28cm 
520 |a Cuốn sách này nói về nguyên tắc cơ bản của da liễu, di truyền học và miễn dịch học, các bệnh da liễu, Da liễu Đại cương, Bệnh Lý cơ địa, Bệnh Sần, Đỏ da bong vảy, Bệnh da nhiễm khuẩn, Bệnh da dị ứng, Bệnh da tự miễn, Bệnh lý mô liên kết khác,... 
653 |a Dược học 
700 1 |a Lotti, Torello 
700 1 |a Parsad, Davinder 
700 1 |a Nguyễn Văn Thường  |e Chủ biên 
942 |2 ddc  |c BK 
952 |0 0  |1 0  |2 ddc  |4 0  |6 616_500000000000000_TH561  |7 0  |9 26320  |a 000001  |b 000001  |d 2022-09-29  |o 616.5 Th561  |p MD.20780  |r 2022-09-29  |v 999999.99  |w 2022-09-29  |y BK 
980 |a Thư viện Trường Đại học Nam Cần Thơ